| 000 | 00786nam a22002177a 4500 | ||
|---|---|---|---|
| 001 | 000030445 | ||
| 003 | RuMoIPM | ||
| 005 | 20260429124723.0 | ||
| 008 | 260429s1980 ru ||||| |||| 00| 0 rus d | ||
| 040 |
_aRuMoIPM _brus _ercr |
||
| 041 | _arus | ||
| 044 | _aru | ||
| 080 | _a51(079) | ||
| 100 | 1 | _aНестеренко, Юрий Валентинович | |
| 245 | 1 | 0 |
_aЗадачи вступительных экзаменов по математике _b[учебное пособие] _cЮ. В. Нестеренко, С. Н. Олехник, М. К. Потапов |
| 260 |
_aМосква _bНаука _c1980 |
||
| 300 | _a320 с. | ||
| 700 | 1 | _aОлехник, Слав Николаевич | |
| 700 | 1 | _aПотапов, Михаил Константинович | |
| 942 | _cBK | ||
| 999 |
_c30445 _d30445 |
||